Catálogo

El futuro del cálculo infinitesimal = (Registro nro. 41401)

Detalles MARC
000 -LEADER
fixed length control field 01245cam a2200325 i 4500
001 - CONTROL NUMBER
control field 41401
003 - CONTROL NUMBER IDENTIFIER
control field Mx-PuUPA
005 - DATE AND TIME OF LATEST TRANSACTION
control field 20191218124419.0
008 - FIXED-LENGTH DATA ELEMENTS--GENERAL INFORMATION
fixed length control field 140415s2000 mx d gr 001 0 spa d
020 ## - INTERNATIONAL STANDARD BOOK NUMBER
International Standard Book Number 9706252460
040 ## - CATALOGING SOURCE
Original cataloging agency Mx-PuUPA
Language of cataloging spa
Transcribing agency Mx-PuUPA
Modifying agency Mx-PuUPA
Description conventions rda
041 0# - LANGUAGE CODE
Language code of text/sound track or separate title spa
041 0# - LANGUAGE CODE
Language code of text/sound track or separate title eng
240 10 - UNIFORM TITLE
Uniform title Congresos.
Form subheading El futuro del cálculo infinitesimal = The future of infinitesimal calculus.
Date of a work 1996.
Language of a work Español.
245 13 - TITLE STATEMENT
Title El futuro del cálculo infinitesimal =
Remainder of title The future of infinitesimal calculus : ICME - 8 /
Statement of responsibility, etc. por Ricardo Cantoral, Ed Dubinsky y David Mathews [y otros veintisiete]
246 13 - VARYING FORM OF TITLE
Title proper/short title El futuro del cálculo infinitesimal :
Remainder of title ICME-
Number of part/section of a work 8
264 #1 - PRODUCTION, PUBLICATION, DISTRIBUTION, MANUFACTURE, AND COPYRIGHT NOTICE
Place of production, publication, distribution, manufacture México, D.F. :
Name of producer, publisher, distributor, manufacturer Grupo Editorial Iberoamérica,
Date of production, publication, distribution, manufacture, or copyright notice ©2000
300 ## - PHYSICAL DESCRIPTION
Extent xiv, 469 páginas :
Other physical details diagramas ;
Dimensions 23 cm
336 ## - CONTENT TYPE
Content type term texto
Fuente rdacontent
Content type code txt
337 ## - MEDIA TYPE
Media type term sin medio
Source rdamedia
Media type code n
338 ## - CARRIER TYPE
Carrier type term volumen
Source rdacarrier
Carrier type code nc
650 #4 - SUBJECT ADDED ENTRY--TOPICAL TERM
Topical term or geographic name entry element Cálculo
700 1# - ADDED ENTRY--PERSONAL NAME
Personal name Cantoral, Roberto,
Relator term autor
700 1# - ADDED ENTRY--PERSONAL NAME
Personal name Dubinsky, Ed,
Relator term autor
700 1# - ADDED ENTRY--PERSONAL NAME
Personal name Mathews, David,
Relator term autor
942 ## - ADDED ENTRY ELEMENTS (KOHA)
Source of classification or shelving scheme Dewey Decimal Classification
Koha item type Libro
Classification part 515.33
Item part F996
Existencias
Withdrawn status Lost status Source of classification or shelving scheme Damaged status Not for loan Collection code Home library Current library Shelving location Date acquired Source of acquisition Total Checkouts Full call number Barcode Date last seen Price effective from Koha item type
    Dewey Decimal Classification     General Biblioteca Karol Wojtyla Biblioteca Karol Wojtyla Sala general 03/12/2013 Compra   515.33 F996 2000 62459 05/01/2026 03/12/2013 Libro